Распределение горизонтальной составляющей силы земного магнетизма в Сибири; Известия Института исследования Сибири; № 1

Bibliographische Detailangaben
Parent link:Известия Института исследования Сибири
№ 1.— 1920.— С. 1-69
1. Verfasser: Вейнберг Б. П. Борис Петрович
Zusammenfassung:В фонде НТБ ТПУ отсутствует
Sprache:Russisch
Veröffentlicht: 1920
Schlagworte:
Format: MixedMaterials Buchkapitel
KOHA link:https://koha.lib.tpu.ru/cgi-bin/koha/opac-detail.pl?biblionumber=591608

MARC

LEADER 00000naa0a2200000 4500
001 591608
005 20250103180236.0
035 |a (RuTPU)RU\TPU\tpu\2067 
035 |a TPU00002067 
090 |a 591608 
100 |a 20011210d1920 k||y0rusy50 ca 
101 0 |a rus 
102 |a RU 
200 1 |a Распределение горизонтальной составляющей силы земного магнетизма в Сибири  |f Б. П. Вейнберг 
333 |a В фонде НТБ ТПУ отсутствует 
461 |t Известия Института исследования Сибири 
463 |t № 1  |v С. 1-69  |d 1920 
610 1 |a геолого-географические науки 
610 1 |a труды учёных ТПУ 
700 1 |a Вейнберг  |b Б. П.  |c российский ученый  |c физик, геофизик  |c профессор ТТИ (1909-1924)  |f 1871-1942  |g Борис Петрович  |3 (RuTPU)RU\TPU\pers\5705 
801 0 |a RU  |b 63413507  |c 20011210  |g PSBO 
801 2 |a RU  |b 63413507  |c 20120116  |g PSBO 
942 |c CR